Paraffinok keresése
Elmentve itt :
| Szerző: | |
|---|---|
| További közreműködők: | |
| Dokumentumtípus: | Szakdolgozat |
| Megjelent: |
1987
|
| Tárgyszavak: | |
| Online Access: | http://diploma.bibl.u-szeged.hu/573 |
| LEADER | 00595nta a2200181 i 4500 | ||
|---|---|---|---|
| 001 | dipl573 | ||
| 005 | 20110104091813.0 | ||
| 008 | 110104s1987 hu om 0|| hun d | ||
| 040 | |a SZTE Diploma Repozitórium |b hun | ||
| 041 | |a hun | ||
| 100 | 1 | |a Kálecz János | |
| 245 | 1 | 0 | |a Paraffinok keresése |h [elektronikus dokumentum] / |c János Kálecz |
| 260 | |c 1987 | ||
| 650 | 4 | |a Informatika | |
| 650 | 4 | |a Computer and information sciences | |
| 700 | 0 | 1 | |a Imreh Balázs |e ths |
| 700 | 0 | 1 | |a Fülöp István |e ths |
| 856 | 4 | 0 | |u https://diploma.bibl.u-szeged.hu/id/eprint/573/1/1987_kalecz_janos_87_27.pdf |z Dokumentum-elérés |